000 00430nam a2200157Ia 4500
008 210716s2008 xx 000 0 und d
020 _a9780070078079
041 _aeng
082 _a658.3124 NOER
100 _aNoe, Raymond A.
245 _aEmployee training and development.
250 _a4
260 _aNew Delhi
_bTata McGraw Hill Publishing Company Ltd
_c2008
300 _axxi,494
650 _aHuman Resource Management
999 _c202691
_d202691